000 01457nam a2200325 i 4500
001 16954
003 ES-MaACL
005 20250928133216.0
007 t|
008 001127s1956 sp ||||1| spa d
080 _a73 Mustieles, Benjamín (064.3)
100 1 _aMustieles, Benjamín.
_984711
245 1 3 _aEl escultor Mustieles
_b: [exposición, Sala del Prado del Ateneo de Madrid, 4-17 de mayo de 1956] /
_c[texto de] Alejandro Núñez Alonso.
260 _aMadrid :
_bAteneo,
_c1956.
300 _a[32] p. :
_bprincipalmente il. n. ;
_c22 cm.
490 1 _aCuadernos de arte. Colección ordinaria ;
_v12
600 1 4 _aMustieles, Benjamín-
_vExposiciones.
_984712
610 2 4 _aAteneo de Madrid-
_vExposiciones-
_y1950-1959
_91919
610 2 _aAteneo de Madrid-
_vObras digitalizadas.
_91930
655 7 _2tgfbne
_9193628
_aCatálogos de exposiciones
700 1 _aNúñez Alonso, Alejandro,
_d1905-1982
_986172
710 2 _aAteneo de Madrid.
_bSala del Prado.
_91965
830 0 _aCuadernos de arte. Colección ordinaria
_v12
_9180064
852 _aES-MaACL
_j2159-F-11
_bR.129324
_cDEPOF
_g Dedicatoria autógrafa del artista
_zRevisado enlace: 20 de Abril de 2025
852 _aES-MaACL
_j2189-F-7
_bR.136027
_cDEPOF
_zRevisado enlace: 20 de Abril de 2025
852 _aES-MaACL
_jG-13291(10)
_cSPD3
856 4 _uhttp://www.ateneodemadrid.com/biblioteca_digital/folletos/CACo-012.pdf
_yVer documento
942 _2udc
999 _c16954
_d16954